| Поле | Инд. | ПП | Название | Значение |
|---|---|---|---|---|
| Тип записи | a | |||
| Библиографический уровень | m | |||
| 001 | Контрольный номер | UNIDUBNAe680fc7541a64348a1b3ecdc4292c20c | ||
| 005 | Дата корректировки | 20260601113502.3 | ||
| 008 | Кодируемые данные | 20260507 | ||
| 022 | 0_ | a | ISSN | 0130-6545 |
| 084 | a | Индекс другой классификации/Индекс ББК | 84(7Арг)6 | |
| 084 | a | Индекс другой классификации/Индекс ББК | 84(7Арг)5 | |
| 084 | a | Индекс другой классификации/Индекс ББК | 84(4Исп))6 | |
| 084 | a | Индекс другой классификации/Индекс ББК | 83.3(7Арг)6 | |
| 090 | a | Полочн. индекс | 95.2 | |
| 099 | a | Индекс | 70394 | |
| 245 | 10 | a | Заглавие | Иностранная литература |
| n | Номер части/ раздела | №4/2026 | ||
| b | Продолж. заглавия | ежемесячный литературно-художественный журнал | ||
| c | Ответственность | гл. ред. А. Я. Ливергант | ||
| 260 | c | Дата издания | 2026 | |
| b | Издательство | Иностранная литература | ||
| a | Место издания | Москва | ||
| 300 | a | Объем | 288 с. | |
| 500 | a | Примечание | Журнал | |
| 500 | a | Примечание | Спец. номер: "Литературные столицы мира: Буэнос-Айрес" | |
| 505 | 0_ | a | Форматированное содержание | Литературный Буэнос-Айрес |
| b | Автор | Ларикова Ю. А. | ||
| 505 | 0_ | a | Форматированное содержание | Здешнее небо и Южный Крест |
| b | Автор | Гомес де ла Серна Р. | ||
| n | Доп. информация | Глава из книги "Объяснение Буэнос-Айреса" | ||
| 505 | 0_ | a | Форматированное содержание | Язык аргентинцев |
| b | Автор | Борхес Х. Л. | ||
| n | Доп. информация | Эссе | ||
| 505 | 0_ | a | Форматированное содержание | Два перекрестка |
| b | Автор | Борхес Х. Л. | ||
| n | Доп. информация | Эссе | ||
| 505 | 0_ | a | Форматированное содержание | Эдуардо Уайлд |
| b | Автор | Борхес Х. Л. | ||
| n | Доп. информация | Эссе | ||
| 505 | 0_ | a | Форматированное содержание | Дождь |
| b | Автор | Уайлд Э. | ||
| n | Доп. информация | Рассказ | ||
| 505 | 0_ | a | Форматированное содержание | Адам Буэносайрес |
| b | Автор | Маречаль Л. | ||
| n | Доп. информация | Фрагмент романа | ||
| 505 | 0_ | a | Форматированное содержание | Человек, который одинок и ждет |
| b | Автор | Скалабрини Ортис Р. | ||
| n | Доп. информация | Фрагмент эссе | ||
| 505 | 0_ | a | Форматированное содержание | Двадцать стихотворений для чтения в трамвае |
| b | Автор | Хирондо О. | ||
| n | Доп. информация | Поэтический сборник | ||
| 505 | 0_ | a | Форматированное содержание | Офорты Буэнос-Айреса |
| b | Автор | Арльт Р. | ||
| n | Доп. информация | Избранные очерки | ||
| 505 | 0_ | a | Форматированное содержание | Голова Голиафа: Буэнос-Айрес под микроскопом |
| b | Автор | Мартинес Эстрада Э. | ||
| n | Доп. информация | Фрагменты очерка | ||
| 505 | 0_ | a | Форматированное содержание | Память милонги |
| b | Автор | Асис Х. | ||
| n | Доп. информация | Повесть | ||
| 505 | 0_ | a | Форматированное содержание | Люмпен |
| b | Автор | Себрели Х. Х. | ||
| n | Доп. информация | Фрагменты очерка "Буэнос-Айрес, повседневная жизнь и одиночество" | ||
| 505 | 0_ | a | Форматированное содержание | Машинка для зачатия парагвайцев |
| b | Автор | Кукурто В. | ||
| n | Доп. информация | Избранные стихотворения | ||
| 505 | 0_ | a | Форматированное содержание | Портеньо на кушетке |
| b | Автор | Себрели Х. Х. | ||
| n | Доп. информация | Фрагмент очерка "Буэнос-Айрес: кризис города" | ||
| 505 | 0_ | a | Форматированное содержание | Смеющееся млекопитающее |
| b | Автор | Феррейра Г. | ||
| n | Доп. информация | Фрагменты романа | ||
| 505 | 0_ | a | Форматированное содержание | Рабы на галерах |
| b | Автор | Асис Х. | ||
| n | Доп. информация | Рассказ | ||
| 505 | 0_ | a | Форматированное содержание | Гимн |
| b | Автор | Ламборгини Л. | ||
| n | Доп. информация | Поэма | ||
| 505 | 0_ | a | Форматированное содержание | Трупы |
| b | Автор | Перлонгер Н. | ||
| n | Доп. информация | Поэма | ||
| 505 | 0_ | a | Форматированное содержание | Все, что мы потеряли в огне |
| b | Автор | Нине Л. | ||
| n | Доп. информация | Графическая адаптация рассказов Марианны Энрикес | ||
| 505 | 0_ | a | Форматированное содержание | Городское вуду |
| b | Автор | Козаринский Э. | ||
| n | Доп. информация | Два эссе из романа-коллажа | ||
| 650 | 04 | a | Основная рубрика | художественная литература |
| 653 | 0_ | a | Ключевые слова | XX век |
| a | Ключевые слова | XXI век | ||
| a | Ключевые слова | Аргентина | ||
| a | Ключевые слова | аргентинская литература | ||
| a | Ключевые слова | Буэнос-Айрес | ||
| a | Ключевые слова | графическая интерпретация | ||
| a | Ключевые слова | испанская литература | ||
| 655 | a | Жанр/ форма (устаревшее) | комикс | |
| a | Жанр/ форма (устаревшее) | очерк | ||
| a | Жанр/ форма (устаревшее) | повесть | ||
| a | Жанр/ форма (устаревшее) | поэзия | ||
| a | Жанр/ форма (устаревшее) | поэма | ||
| a | Жанр/ форма (устаревшее) | проза | ||
| a | Жанр/ форма (устаревшее) | рассказ | ||
| a | Жанр/ форма (устаревшее) | роман | ||
| a | Жанр/ форма (устаревшее) | стихотворение | ||
| a | Жанр/ форма (устаревшее) | эссе | ||
| 700 | 12 | a | Автор | Ларикова Ю. А. |
| q | Полное имя | Ларикова Юлия Анатольевна | ||
| 700 | 12 | a | Автор | Гладощук А. В. |
| e | Роль лиц | переводчик | ||
| q | Полное имя | Гладощук Анастасия Валерьевна | ||
| 700 | 12 | a | Автор | Гомес де ла Серна Р. |
| q | Полное имя | Гомес де ла Серна Рамон | ||
| 700 | 12 | a | Автор | Кулагина О. М. |
| e | Роль лиц | переводчик | ||
| q | Полное имя | Кулагина Ольга Михайловна | ||
| 700 | 12 | a | Автор | Борхес Х. Л. |
| q | Полное имя | Борхес Хорхе Луис | ||
| 700 | 12 | a | Автор | Денисова А. П. |
| e | Роль лиц | переводчик | ||
| q | Полное имя | Денисова Анна Петровна | ||
| 700 | 12 | a | Автор | Уайлд Э. |
| q | Полное имя | Уайлд Эдуардо | ||
| 700 | 12 | a | Автор | Синицына Д. |
| e | Роль лиц | переводчик | ||
| q | Полное имя | Синицына Дарья | ||
| 700 | 12 | a | Автор | Маречаль Л. |
| q | Полное имя | Маречаль Леопольдо | ||
| 700 | 12 | a | Автор | Кутьева М. В. |
| e | Роль лиц | переводчик | ||
| q | Полное имя | Кутьева Марина Викторовна | ||
| 700 | 12 | a | Автор | Скалабрини Ортис Р. |
| q | Полное имя | Скалабрини Ортис Рауль | ||
| 700 | 12 | a | Автор | Хирондо О. |
| e | Роль лиц | Хирондо Оливерио | ||
| 700 | 12 | a | Автор | Арльт Р. |
| q | Полное имя | Арльт Роберто | ||
| 700 | 12 | a | Автор | Мартинес Эстрада Э. |
| q | Полное имя | Мартинес Эстрада Эсекиэль | ||
| 700 | 12 | a | Автор | Ханукаева А. В. |
| e | Роль лиц | переводчик | ||
| q | Полное имя | Ханукаева Александра Вадимовна | ||
| 700 | 12 | a | Автор | Асис Х. |
| q | Полное имя | Асис Хорхе | ||
| 700 | 12 | a | Автор | Середа Е. К. |
| e | Роль лиц | переводчик | ||
| q | Полное имя | Середа Екатерина Константиновна | ||
| 700 | 12 | a | Автор | Себрели Х. Х. |
| q | Полное имя | Себрели Хуан Хосе | ||
| 700 | 12 | a | Автор | Ковалев Б. В. |
| e | Роль лиц | переводчик | ||
| q | Полное имя | Ковалев Борис Владимирович | ||
| 700 | 12 | a | Автор | Кукурто В. |
| q | Полное имя | Кукурто Вашингтон | ||
| u | Дополнение к имени | Веги Сантьяго | ||
| 700 | 12 | a | Автор | Байкова А. С. |
| e | Роль лиц | переводчик | ||
| q | Полное имя | Байкова Анна Сергеевна | ||
| 700 | 12 | a | Автор | Феррейра Г. |
| q | Полное имя | Феррейра Густаво | ||
| 700 | 12 | a | Автор | Ламборгини Л. |
| q | Полное имя | Ламборгини Леонидас | ||
| 700 | 12 | a | Автор | Ванханен Н. Ю. |
| e | Роль лиц | переводчик | ||
| q | Полное имя | Ванханен Наталья Юрьевна | ||
| 700 | 12 | a | Автор | Перлонгер Н. |
| q | Полное имя | Перлонгер Нестор | ||
| 700 | 12 | a | Автор | Ларикова Ю. А. |
| e | Роль лиц | переводчик | ||
| e | Роль лиц | автор вступления | ||
| q | Полное имя | Ларикова Юлия Анатольевна | ||
| 700 | 12 | a | Автор | Нине Л. |
| q | Полное имя | Нине Лукас | ||
| 700 | 12 | a | Автор | Козаринский Э. |
| q | Полное имя | Козаринский Эдгардо | ||
| 773 | 18 | w | Контрольный № источника | RU/IS/BASE/411244463 |
| 900 | a | Имя электронного ресурса | obl_inostrannaya_literatura_04_2026 | |
| x | Справочная информация | Обложка | ||
| 901 | t | Тип документа | s | |
| 952 | a | Тип литературы для КСУ ВШ | ЛХЖ | |
| 991 | s | 6 |